Territories of the World on a Map #3 - Statistics

General Stats
  • This quiz has been taken 77 times
    67 since last reset
  • The average score is 6 of 18
Answers on the Map
Answers color-coded by a green-red scale on the quiz's map according to % correct below.
 
Answer Stats
Country Location Territory % Correct
NL Caribbean Saba
62%
USA South Pacific Jarvis Island
57%
USA Micronesia Wake Island
57%
USA North Pacific Midway Islands
43%
USA Caribbean Navassa Island
43%
NL Caribbean Sint Eustatius
43%
USA Micronesia Johnston Atoll
38%
FR Mozambique Channel Europa Island
29%
USA Polynesia Kingman Reef
29%
NO Anarctica Peter I Island
29%
CN South Chinese Sea Spratly Islands
29%
FR South Indian Ocean French Southern and Antarctic Lands
24%
USA Polynesia Palmyra Atoll
24%
CN South Chinese Sea Paracel Islands
24%
FR Indian Ocean Glorioso Islands
19%
FR Mozambique Channel Juan de Nova Island
19%
FR Mozambique Channel Bassas da India
10%
FR Indian Ocean Tromelin Island
10%
No matching quizzes found
Score Distribution
Percent of People with Each Score
Percentile by Number Answered
Your Score History
You have not taken this quiz since the last reset